Online
Catalog

Obras de Hugo Tolentino Dipp: (Record no. 49380)

MARC details
000 -CABECERA
campo de control de longitud fija 01969nam a2200325 a 4500
001 - NÚMERO DE CONTROL
campo de control
003 - IDENTIFICADOR DEL NÚMERO DE CONTROL
campo de control DO-SdBNP
005 - FECHA Y HORA DE LA ÚLTIMA TRANSACCIÓN
campo de control 20260304092050.0
007 - CAMPO FIJO DE DESCRIPCIÓN FÍSICA--INFORMACIÓN GENERAL
campo de control de longitud fija ta
008 - DATOS DE LONGITUD FIJA--INFORMACIÓN GENERAL
campo de control de longitud fija 081126s2019 dr a 000 0 spa d
020 ## - NÚMERO INTERNACIONAL ESTÁNDAR DEL LIBRO
Número Internacional Estándar del Libro 9789945169980
040 ## - FUENTE DE LA CATALOGACIÓN
Centro catalogador/agencia de origen DO-SdBNP
Lengua de catalogación spa
Centro/agencia transcriptor BNPHU
082 #4 - NÚMERO DE LA CLASIFICACIÓN DECIMAL DEWEY
Número de clasificación 320.97293
Número de documento/Ítem T649f
Número de edición 22
100 1# - ENTRADA PRINCIPAL--NOMBRE DE PERSONA
Nombre de persona Tolentino Dipp, Hugo,
Fechas asociadas al nombre 1930-2019
9 (RLIN) 12717
245 13 - MENCIÓN DE TÍTULO
Título Obras de Hugo Tolentino Dipp:
Resto del título la funesta reelección. /
Mención de responsabilidad, etc. Hugo Tolentino Dipp ; coordinación editorial Wilfredo Lozano, edición y prólogo Milagros Ortiz Bosch; Foto de portada, Joseph Schneberg.
260 ## - PUBLICACIÓN, DISTRIBUCIÓN, ETC.
Lugar de publicación, distribución, etc. Santo Domingo :
Nombre del editor, distribuidor, etc. Búho,
Fecha de publicación, distribución, etc. 2019
300 ## - DESCRIPCIÓN FÍSICA
Extensión 252 p. ;
Dimensiones 23 cm.
Otras características físicas
500 ## - NOTA GENERAL
Nota general Incluye datos biográficos del autor en las solapas.
500 ## - NOTA GENERAL
Nota general Incluye referencias bibliográficas y notas al pie de las páginas.
505 0# - NOTA DE CONTENIDO CON FORMATO
Nota de contenido con formato Prólogo -- Como si fuera hoy -- Palabras improvisadas por el diputado Hugo Tolentino Dipp en la Asamblea Revisora del 9 de junio del 2015 -- La polémica sobre la reelección entre Enrique Apolinar Henríquez y Hugo Tolentino Dipp, -- <br/>Un solo compromiso : desde el presidente Antonio Guzmán hasta la crisis electoral de 1994 -- La crisis del Partido Revolucionario Dominicano. El papel de la reelección y el desvelo por la democracia -- Análisis a fondo de la Reforma Constitucional propuesta al Congreso Nacional en el 2008 por el presidente Leonel Fernández -- Preocupaciones ciudadanas y reformas necesarias, denuncias y alertas sobre la reelección. Los procesos electorales.
590 ## - NOTA LOCAL (RLIN)
Nota local Inventariado, 2021/VM
650 #4 - PUNTO DE ACCESO ADICIONAL DE MATERIA--TÉRMINO DE MATERIA
Término de materia o nombre geográfico como elemento de entrada Elecciones
Subdivisión geográfica República Dominicana
9 (RLIN) 6412
650 #4 - PUNTO DE ACCESO ADICIONAL DE MATERIA--TÉRMINO DE MATERIA
Término de materia o nombre geográfico como elemento de entrada Partidos políticos
Subdivisión geográfica República Dominicana
9 (RLIN) 77786
651 #4 - PUNTO DE ACCESO ADICIONAL DE MATERIA--NOMBRE GEOGRÁFICO
Nombre geográfico República Dominicana
Subdivisión general Política y gobierno
9 (RLIN) 3204
700 1# - PUNTO DE ACCESO ADICIONAL--NOMBRE DE PERSONA
Nombre de persona Lozano, Wilfredo
Fechas asociadas al nombre 1950-
Término indicativo de función/relación ed.
9 (RLIN) 7126
700 1# - PUNTO DE ACCESO ADICIONAL--NOMBRE DE PERSONA
Nombre de persona Ortiz Bosch, Milagros, 1936-
Término indicativo de función/relación pról.
9 (RLIN) 26797
700 1# - PUNTO DE ACCESO ADICIONAL--NOMBRE DE PERSONA
Nombre de persona Schneberg, Joseph
Término indicativo de función/relación foto
9 (RLIN) 82872
910 ## - DATOS DE OPCIÓN DEL USUARIO (OCLC)
Datos de opción del usuario VMateo.Validado. Control de calidad MFF
942 ## - ELEMENTOS DE PUNTO DE ACCESO ADICIONAL (KOHA)
Fuente del sistema de clasificación o colocación Dewey Decimal Classification
Tipo de ítem Koha Libro
Holdings
Estado de retiro Estado de pérdida Fuente del sistema de clasificación o colocación Restricciones de uso No para préstamo Código de colección Localización permanente Ubicación/localización actual Ubicación en estantería Fecha de adquisición Fuente de adquisición Signatura topográfica completa Código de barras Fecha visto por última vez Precio válido a partir de Tipo de ítem Koha Número de copia Total de préstamos
    Dewey Decimal Classification Excluido de préstamo   Patrimonio Dominicano Biblioteca Nacional Pedro Henríquez Ureña Biblioteca Nacional Pedro Henríquez Ureña Depósito 16.02.2021 Depósito Legal BNPHU PD 320.97293 T649f 2021-0197 16.02.2021 16.02.2021 Libro    
    Dewey Decimal Classification Préstamo en sala   Dominicana de Servicio Biblioteca Nacional Pedro Henríquez Ureña Biblioteca Nacional Pedro Henríquez Ureña Depósito 16.02.2021 Depósito Legal BNPHU DS 320.97293 T649f 2021-0198 16.02.2021 16.02.2021 Libro e.3  
    Dewey Decimal Classification Excluido de préstamo   Patrimonio Dominicano Biblioteca Nacional Pedro Henríquez Ureña Biblioteca Nacional Pedro Henríquez Ureña Depósito 16.02.2021 Editora Búho BNPHU PD 320.97293 T649f 2021-0199 16.02.2021 16.02.2021 Libro e.2  
    Dewey Decimal Classification Préstamo en sala   Dominicana de Servicio Biblioteca Nacional Pedro Henríquez Ureña Biblioteca Nacional Pedro Henríquez Ureña Depósito 23.11.2022 Donación BNPHU DS 320.97293 T649f 2022-5587 23.11.2022 23.11.2022 Libro e.4  

Powered by Koha